[Event "Longueuil CC ch"]
[Site "Longueuil CAN"]
[Date "2007.01.20"]
[Round "3"]
[White "Pachah, Parwiz"]
[Black "Ayotte, Jocelyn"]
[Result "0-1"]
[WhiteElo "2122"]
[BlackElo "1970"]
[PlyCount "128"]
[GameId "2160767910739431"]
[EventDate "2007.01.06"]
[EventType "swiss"]
[EventRounds "5"]
[EventCountry "CAN"]
[SourceTitle "EXT 2022"]
[Source "ChessBase"]
[SourceDate "2021.10.06"]
[SourceVersion "1"]
[SourceVersionDate "2021.10.06"]
[SourceQuality "1"]

1. d4 d5 2. c4 dxc4 3. e3 Nf6 4. Bxc4 e6 5. Nf3 c5 6. O-O Be7 7. Nc3 O-O 8. Qe2 a6 9. a4 Nc6 10. Rd1 cxd4 11. exd4 Nb4 12. Bf4 Nbd5 13. Be5 Bd7 14. Bxf6 Bxf6 15. Bxd5 exd5 16. Nxd5 Bg4 17. Ne3 Re8 18. h3 Bh5 19. g4 Bg6 20. Qc4 Qd6 21. Ra3 Rac8 22. Qf1 Be4 23. Qe2 h5 24. g5 Bxf3 25. Qxf3 Bxg5 26. Rb3 Bxe3 27. Rxe3 Rxe3 28. Qxe3 Qd7 29. b3 Re8 30. Qf3 g6 31. d5 Qd6 32. Kg2 Re5 33. Rd4 Rg5+ 34. Kf1 Rf5 35. Qd3 Qh2 36. f4 Rxf4+ 37. Rxf4 Qxf4+ 38. Kg2 Kf8 39. d6 Qg5+ 40. Kf3 Qf6+ 41. Kg2 Ke8 42. Qe4+ Qe6 43. Qxb7 Qxd6 44. Kf3 h4 45. b4 Qg3+ 46. Ke2 Qh2+ 47. Kd1 Qxh3 48. Qa8+ Ke7 49. Qe4+ Kf8 50. b5 Qb3+ 51. Ke1 axb5 52. axb5 Qxb5 53. Qxh4 Qe5+ 54. Kf2 Kg7 55. Qb4 g5 56. Kf3 Qf4+ 57. Qxf4 gxf4 58. Kxf4 Kf6 59. Kg3 Kf5 60. Kf3 f6 61. Kf2 Kf4 62. Kg1 Kf3 63. Kf1 f5 64. Kg1 Ke2 0-1

[Event "Longueuil CC ch"]
[Site "Longueuil CAN"]
[Date "2007.01.20"]
[Round "3"]
[White "Robichaud, Louis"]
[Black "Mok, Yuen Tak"]
[Result "1-0"]
[WhiteElo "2064"]
[BlackElo "1932"]
[PlyCount "95"]
[GameId "2160767910739432"]
[EventDate "2007.01.06"]
[EventType "swiss"]
[EventRounds "5"]
[EventCountry "CAN"]

1. e4 e5 2. Nf3 Nf6 3. Nxe5 d6 4. Nf3 Nxe4 5. d4 d5 6. Bd3 Nc6 7. O-O Be7 8. c4 Nb4 9. cxd5 Nxd3 10. Qxd3 Qxd5 11. Re1 Bf5 12. Ne5 Nd6 13. Nc3 Qa5 14. Qd1 O-O 15. b4 Qa6 16. a4 b5 17. Nd3 Qc6 18. Nc5 Bf6 19. g4 Bc8 20. Be3 Nc4 21. axb5 Nxe3 22. fxe3 Qd6 23. Qf3 Rb8 24. N3e4 Qe7 25. Nxf6+ Qxf6 26. Qxf6 gxf6 27. Rxa7 Bxg4 28. Rxc7 Rxb5 29. Rf1 Kg7 30. Rf4 h5 31. Rb7 Rxb7 32. Nxb7 Rb8 33. Nd6 Rxb4 34. Ne8+ Kf8 35. Nxf6 Bd1 36. Rf1 Be2 37. Rf2 Bd1 38. Rd2 Kg7 39. Nd5 Rb1 40. Nc3 Bc2+ 41. Nxb1 Bxb1 42. Kf2 Kf6 43. Rb2 Bf5 44. Kf3 Ke6 45. Rb6+ Kd7 46. Kf4 Bg4 47. Kg5 Ke7 48. Rh6 1-0

[Event "Longueuil CC ch"]
[Site "Longueuil CAN"]
[Date "2007.02.03"]
[Round "3"]
[White "Klimczak, Jean"]
[Black "Germain, Max"]
[Result "1-0"]
[WhiteElo "1732"]
[BlackElo "1598"]
[PlyCount "97"]
[GameId "2160767910739435"]
[EventDate "2007.01.06"]
[EventType "swiss"]
[EventRounds "5"]
[EventCountry "CAN"]
[SourceTitle "EXT 2022"]
[Source "ChessBase"]
[SourceDate "2021.10.06"]
[SourceVersion "1"]
[SourceVersionDate "2021.10.06"]
[SourceQuality "1"]

1. d4 Nf6 2. c4 g6 3. Nf3 Bg7 4. Nc3 d5 5. e3 O-O 6. cxd5 Nxd5 7. Bc4 Nxc3 8. bxc3 Nc6 9. O-O Na5 10. Bd3 c5 11. Rb1 Qc7 12. Ba3 b6 13. Be4 Bb7 14. Bxb7 Nxb7 15. Qe2 e5 16. e4 exd4 17. cxd4 Rfe8 18. dxc5 Nxc5 19. Rbc1 Bf8 20. Rfe1 Qf4 21. Bxc5 Bxc5 22. g3 Qh6 23. Kg2 Qg7 24. Qc4 h6 25. Rcd1 Re7 26. Re2 Rae8 27. Rd5 Qf6 28. h3 Qc6 29. Nd2 Rd7 30. Rxd7 Qxd7 31. f3 Rc8 32. Nf1 b5 33. Qc3 Bb6 34. Qd2 Qe6 35. Ne3 a5 36. Nd5 b4 37. Qxh6 Bd4 38. Qd2 Bc3 39. Qd3 Kg7 40. Qb5 Rh8 41. g4 Be5 42. Qxa5 Bd6 43. f4 g5 44. Nxb4 Bxf4 45. Nd5 Bd6 46. Qc3+ f6 47. Qf3 Qe5 48. Rf2 Rh6 49. Ne3 1-0

[Event "Longueuil CC ch"]
[Site "Longueuil CAN"]
[Date "2007.01.27"]
[Round "4"]
[White "Ayotte, Jocelyn"]
[Black "Robichaud, Louis"]
[Result "1-0"]
[WhiteElo "1970"]
[BlackElo "2064"]
[PlyCount "55"]
[GameId "2160767910739436"]
[EventDate "2007.01.06"]
[EventType "swiss"]
[EventRounds "5"]
[EventCountry "CAN"]
[SourceTitle "EXT 2022"]
[Source "ChessBase"]
[SourceDate "2021.10.06"]
[SourceVersion "1"]
[SourceVersionDate "2021.10.06"]
[SourceQuality "1"]

1. d4 Nf6 2. c4 g6 3. Nc3 Bg7 4. Nf3 d6 5. g3 O-O 6. Bg2 Nbd7 7. O-O e5 8. Qc2 c6 9. Rd1 Re8 10. dxe5 dxe5 11. Ng5 Qc7 12. Nge4 Nxe4 13. Nxe4 f5 14. Nd6 Rf8 15. c5 Nf6 16. Qb3+ Kh8 17. Bg5 h6 18. Bxf6 Bxf6 19. Rd2 Kg7 20. Rad1 Rd8 21. Bh3 e4 22. e3 h5 23. Bf1 b5 24. Bxb5 cxb5 25. Nxb5 Qa5 26. Rxd8 Bxd8 27. Nd6 Qc7 28. Ne8+ 1-0

[Event "Longueuil CC ch"]
[Site "Longueuil CAN"]
[Date "2007.01.27"]
[Round "4"]
[White "Dumont, Pierre"]
[Black "Jette, Georges"]
[Result "0-1"]
[WhiteElo "1285"]
[BlackElo "1810"]
[PlyCount "66"]
[GameId "2160767910739437"]
[EventDate "2007.01.06"]
[EventType "swiss"]
[EventRounds "5"]
[EventCountry "CAN"]
[SourceTitle "EXT 2022"]
[Source "ChessBase"]
[SourceDate "2021.10.06"]
[SourceVersion "1"]
[SourceVersionDate "2021.10.06"]
[SourceQuality "1"]

1. e4 d6 2. d4 Nf6 3. Nc3 g6 4. Nf3 Bg7 5. Bc4 O-O 6. O-O Bg4 7. Be3 c6 8. h3 Bxf3 9. Qxf3 Nxe4 10. Nxe4 d5 11. Bxd5 cxd5 12. Nc3 e6 13. b3 Nc6 14. Rad1 Rc8 15. Qe2 Nb4 16. Qd2 a5 17. a3 Nc6 18. Ne2 Qd7 19. c3 Rfe8 20. f4 Ne7 21. Rc1 f6 22. c4 Nf5 23. Bf2 a4 24. cxd5 Rxc1 25. Rxc1 axb3 26. dxe6 Qxe6 27. Kf1 Bf8 28. a4 Qa6 29. a5 Qb5 30. Re1 Bb4 31. Qd1 Bxa5 32. d5 Bxe1 33. Kxe1 b2 0-1

[Event "Longueuil CC ch"]
[Site "Longueuil CAN"]
[Date "2007.01.27"]
[Round "4"]
[White "Kieu, Marc-Andre"]
[Black "Lefebvre, Gabriel"]
[Result "0-1"]
[WhiteElo "1859"]
[BlackElo "1572"]
[PlyCount "136"]
[GameId "2160767910739438"]
[EventDate "2007.01.06"]
[EventType "swiss"]
[EventRounds "5"]
[EventCountry "CAN"]
[SourceTitle "EXT 2022"]
[Source "ChessBase"]
[SourceDate "2021.10.06"]
[SourceVersion "1"]
[SourceVersionDate "2021.10.06"]
[SourceQuality "1"]

1. e4 c5 2. Nf3 d6 3. d4 cxd4 4. Nxd4 Nf6 5. Nc3 e6 6. Be2 a6 7. a4 Be7 8. O-O O-O 9. Kh1 Qc7 10. f4 Nc6 11. Be3 Nxd4 12. Bxd4 e5 13. Be3 exf4 14. Bxf4 b6 15. Bf3 Bb7 16. g4 Rac8 17. g5 Nd7 18. Bg2 Ne5 19. Qh5 g6 20. Qh6 f5 21. Bxe5 dxe5 22. Qh3 Bxg5 23. exf5 Bxg2+ 24. Qxg2 Qc6 25. Ne4 Bf4 26. fxg6 Qxg6 27. Qe2 Qc6 28. c3 Rcd8 29. Rad1 Rxd1 30. Rxd1 Qxa4 31. Qg4+ Kh8 32. Re1 Qc2 33. Qh4 Qxb2 34. Nd6 Qa2 35. c4 Qa3 36. Ne4 Qf3+ 37. Kg1 Rg8+ 38. Ng3 Be3+ 39. Rxe3 Qxe3+ 40. Kg2 Qf4 41. Qe7 e4 42. Qa3 Qf3+ 43. Qxf3 exf3+ 44. Kxf3 Rxg3+ 45. hxg3 a5 46. Ke4 Kg7 47. Kd4 Kf6 48. Kd5 h5 49. Kd4 Kf5 50. Kc3 Kg4 51. Kb3 Kxg3 52. Ka4 h4 53. Kb5 h3 54. Kxb6 h2 55. Kxa5 h1=Q 56. Kb6 Qa8 57. c5 Qc8 58. c6 Kf4 59. c7 Ke5 60. Kc6 Ke6 61. Kb6 Kd7 62. Kb5 Qxc7 63. Kb4 Kd6 64. Kb3 Qc5 65. Kb2 Qc4 66. Ka3 Qb5 67. Ka2 Qb4 68. Ka1 Kc5 0-1

[Event "Longueuil CC ch"]
[Site "Longueuil CAN"]
[Date "2007.01.27"]
[Round "4"]
[White "Mok, Yuen Tak"]
[Black "Landry, Martin"]
[Result "1-0"]
[WhiteElo "1932"]
[BlackElo "1643"]
[PlyCount "89"]
[GameId "2160767910739440"]
[EventDate "2007.01.06"]
[EventType "swiss"]
[EventRounds "5"]
[EventCountry "CAN"]

1. e4 c5 2. b3 e6 3. Bb2 Nc6 4. f4 d5 5. Nc3 d4 6. Nb1 Nf6 7. d3 Qc7 8. g3 g6 9. Nf3 e5 10. fxe5 Nxe5 11. Nxe5 Qxe5 12. Be2 Bh6 13. Nd2 b5 14. Bc1 Qe7 15. a4 Bd7 16. axb5 Bxb5 17. O-O Be3+ 18. Kg2 Bd7 19. Nc4 Bxc1 20. Qxc1 Nd5 21. Bf3 Nb4 22. e5 Rb8 23. Nd6+ Kd8 24. Rxa7 Bh3+ 25. Kxh3 Qxa7 26. Qg5+ Qe7 27. Nxf7+ Ke8 28. Qxe7+ Kxe7 29. Nxh8 Rxh8 30. Bg4 Rf8 31. Ra1 Rf2 32. Ra7+ Kf8 33. Rxh7 Rxc2 34. Bf3 Nxd3 35. e6 Ne5 36. Bb7 c4 37. bxc4 d3 38. Ba6 d2 39. e7+ Ke8 40. Bb5+ Nd7 41. Rh8+ Kxe7 42. Rh7+ Kd6 43. Rxd7+ Kc5 44. Kg4 Rc1 45. Rxd2 1-0

[Event "Longueuil CC ch"]
[Site "Longueuil CAN"]
[Date "2007.01.27"]
[Round "4"]
[White "Pilon, Denis"]
[Black "Guentchev, Radoslav"]
[Result "0-1"]
[WhiteElo "1577"]
[BlackElo "1676"]
[PlyCount "75"]
[GameId "2160767910739441"]
[EventDate "2007.01.06"]
[EventType "swiss"]
[EventRounds "5"]
[EventCountry "CAN"]
[SourceTitle "EXT 2022"]
[Source "ChessBase"]
[SourceDate "2021.10.06"]
[SourceVersion "1"]
[SourceVersionDate "2021.10.06"]
[SourceQuality "1"]

1. e4 e5 2. Nf3 Nf6 3. Nc3 Nc6 4. Bc4 Nxe4 5. Nxe4 d5 6. Bxd5 Qxd5 7. Nc3 Qd8 8. d3 Be7 9. Be3 f5 10. O-O f4 11. Bd2 O-O 12. h3 Nd4 13. Re1 b6 14. Nxe5 f3 15. g4 Bd6 16. Re3 Bb7 17. Rc1 Qh4 18. Qf1 Rae8 19. Nc4 Bb4 20. Kh1 Rxe3 21. Nxe3 Ne2 22. Nf5 Qf6 23. Rd1 Nd4 24. Ne4 Bxe4 25. dxe4 Bxd2 26. Nxd4 Qxd4 27. c3 Qd7 28. Qc4+ Kh8 29. Qb3 Rd8 30. Qc2 Qd3 31. Qxd3 Rxd3 32. Kg1 Rd8 33. Kf1 Bg5 34. Re1 Rd2 35. e5 Rxb2 36. e6 Re2 37. Rxe2 fxe2+ 38. Kxe2 0-1

[Event "Longueuil CC ch"]
[Site "Longueuil CAN"]
[Date "2007.01.27"]
[Round "4"]
[White "Sicotte, Marc"]
[Black "Klimczak, Jean"]
[Result "1-0"]
[WhiteElo "2107"]
[BlackElo "1732"]
[PlyCount "105"]
[GameId "2160767910739442"]
[EventDate "2007.01.06"]
[EventType "swiss"]
[EventRounds "5"]
[EventCountry "CAN"]
[SourceTitle "EXT 2022"]
[Source "ChessBase"]
[SourceDate "2021.10.06"]
[SourceVersion "1"]
[SourceVersionDate "2021.10.06"]
[SourceQuality "1"]

1. e4 e5 2. Nf3 Nc6 3. Bc4 Be7 4. d4 exd4 5. c3 d6 6. Qb3 Na5 7. Bxf7+ Kf8 8. Qa4 Kxf7 9. Qxa5 dxc3 10. Nxc3 Nf6 11. Ng5+ Kg8 12. Qa4 Qe8 13. Qc4+ Kf8 14. Qxc7 h6 15. Nf3 Kg8 16. Bf4 Kh7 17. O-O Qd7 18. Qxd7 Bxd7 19. Rad1 Bc6 20. Rfe1 Rad8 21. Nd5 Bxd5 22. exd5 Rhe8 23. h3 g5 24. Bh2 Kg6 25. Nd4 Rd7 26. Nb5 a6 27. Nc3 Kf7 28. Re3 Bd8 29. Rde1 Rxe3 30. fxe3 Bc7 31. Kf2 Re7 32. Kf3 Kg6 33. e4 Nd7 34. Ke3 Ne5 35. Bxe5 Rxe5 36. Rf1 Re7 37. Ne2 Rf7 38. Rxf7 Kxf7 39. Nd4 Kf6 40. g4 Kg6 41. Nf5 h5 42. gxh5+ Kxh5 43. e5 dxe5 44. Ke4 g4 45. hxg4+ Kxg4 46. d6 Bd8 47. Kxe5 Kg5 48. Nd4 Bf6+ 49. Kd5 Kg6 50. d7 Kf7 51. Kd6 Bd8 52. Ne6 Be7+ 53. Kd5 1-0

[Event "Longueuil CC ch"]
[Site "Longueuil CAN"]
[Date "2007.01.27"]
[Round "4"]
[White "Villeneuve, Benoit"]
[Black "Ballati, Pierre"]
[Result "1-0"]
[WhiteElo "1898"]
[BlackElo "1546"]
[PlyCount "89"]
[GameId "2160767910739444"]
[EventDate "2007.01.06"]
[EventType "swiss"]
[EventRounds "5"]
[EventCountry "CAN"]
[SourceTitle "EXT 2022"]
[Source "ChessBase"]
[SourceDate "2021.10.06"]
[SourceVersion "1"]
[SourceVersionDate "2021.10.06"]
[SourceQuality "1"]

1. e4 g6 2. d4 Bg7 3. Nf3 e6 4. Bg5 Ne7 5. Bd3 d6 6. c3 c6 7. Nbd2 O-O 8. Qc2 f6 9. Be3 e5 10. Nf1 Be6 11. Ng3 Nd7 12. h4 b6 13. h5 g5 14. d5 Bf7 15. dxc6 Nxc6 16. Nf5 Nc5 17. Bb5 Ne7 18. Nxg7 Kxg7 19. b3 h6 20. Rd1 a6 21. Be2 Qc7 22. Nd2 b5 23. g3 Rac8 24. c4 bxc4 25. Nxc4 d5 26. exd5 Nxd5 27. Qf5 Rcd8 28. Bxc5 Qxc5 29. Bd3 Qb4+ 30. Kf1 Rh8 31. Ne3 Ne7 32. Qf3 a5 33. Kg1 Qc3 34. Qe2 Rd7 35. Bc4 Rxd1+ 36. Qxd1 Bxc4 37. Nxc4 Rc8 38. Kg2 a4 39. Qd7 Kf8 40. Qxa4 e4 41. Ne3 Nf5 42. Qxe4 Nxe3+ 43. Qxe3 Qc6+ 44. Qf3 Qc2 45. Qxf6+ 1-0

[Event "Longueuil CC ch"]
[Site "Longueuil CAN"]
[Date "2007.02.03"]
[Round "5"]
[White "Ayotte, Jocelyn"]
[Black "Sicotte, Marc"]
[Result "0-1"]
[WhiteElo "1970"]
[BlackElo "2107"]
[PlyCount "70"]
[GameId "2160767910739445"]
[EventDate "2007.01.06"]
[EventType "swiss"]
[EventRounds "5"]
[EventCountry "CAN"]
[SourceTitle "EXT 2022"]
[Source "ChessBase"]
[SourceDate "2021.10.06"]
[SourceVersion "1"]
[SourceVersionDate "2021.10.06"]
[SourceQuality "1"]

1. d4 d5 2. Nf3 Nf6 3. c4 c6 4. Nc3 dxc4 5. a4 Bf5 6. e3 e6 7. Bxc4 Bb4 8. O-O O-O 9. h3 h6 10. Bd3 Bxd3 11. Qxd3 c5 12. Qc4 Na6 13. dxc5 Rc8 14. Rd1 Qe7 15. Qh4 Bxc3 16. bxc3 Nxc5 17. Ba3 Rfd8 18. Rab1 Rxd1+ 19. Rxd1 Qc7 20. Qd4 Nce4 21. Qxa7 Nxc3 22. Re1 b6 23. Qa6 Nfd5 24. Kh1 Qc4 25. Qb7 Qc6 26. Qxc6 Rxc6 27. Ne5 Rc7 28. e4 Nf6 29. Rc1 Nfxe4 30. Rc2 f6 31. Ng4 Nd5 32. Rb2 Rc1+ 33. Kh2 Ra1 34. Rb3 Nd2 35. Rd3 Rd1 0-1

[Event "Longueuil CC ch"]
[Site "Longueuil CAN"]
[Date "2007.02.03"]
[Round "5"]
[White "Lefebvre, Gabriel"]
[Black "Gauthier, Denis"]
[Result "0-1"]
[WhiteElo "1572"]
[BlackElo "1912"]
[PlyCount "98"]
[GameId "2160767910739447"]
[EventDate "2007.01.06"]
[EventType "swiss"]
[EventRounds "5"]
[EventCountry "CAN"]
[SourceTitle "EXT 2022"]
[Source "ChessBase"]
[SourceDate "2021.10.06"]
[SourceVersion "1"]
[SourceVersionDate "2021.10.06"]
[SourceQuality "1"]

1. e4 c5 2. Nf3 Nc6 3. d4 cxd4 4. Nxd4 e6 5. Nb5 d6 6. Bf4 e5 7. Be3 a6 8. N5c3 Nf6 9. Bg5 Be7 10. Bxf6 Bxf6 11. Nd5 Bg5 12. Nd2 Be6 13. Nc4 b5 14. Nce3 O-O 15. h4 Bxe3 16. Nxe3 f5 17. Nxf5 Bxf5 18. exf5 Nd4 19. g4 Qc7 20. c3 Qc6 21. Rh3 Qe4+ 22. Be2 Nc2+ 23. Kf1 Nxa1 24. Bf3 Qc4+ 25. Kg1 e4 26. Bg2 d5 27. Qxa1 Qe2 28. Rg3 Qd2 29. b3 Rac8 30. c4 bxc4 31. bxc4 Rxc4 32. Qe5 Rcc8 33. Qe6+ Kh8 34. a3 a5 35. h5 Rce8 36. Qc6 e3 37. h6 exf2+ 38. Kh1 Re1+ 39. Kh2 f1=N+ 40. Kh3 Nxg3 41. hxg7+ Kxg7 42. Qc7+ Rf7 43. f6+ Kxf6 44. g5+ Kg7 45. Qc6 Qxg5 46. Qc3+ Qe5 47. Qxg3+ Qxg3+ 48. Kxg3 d4 49. Bd5 Rf6 0-1

[Event "Longueuil CC ch"]
[Site "Longueuil CAN"]
[Date "2007.02.03"]
[Round "5"]
[White "Nunez, Raphael"]
[Black "Mok, Yuen Tak"]
[Result "0-1"]
[WhiteElo "1444"]
[BlackElo "1932"]
[PlyCount "104"]
[GameId "2160767910739448"]
[EventDate "2007.01.06"]
[EventType "swiss"]
[EventRounds "5"]
[EventCountry "CAN"]

1. c4 c6 2. Nf3 d5 3. g3 Nf6 4. Bg2 g6 5. O-O Bg7 6. d3 O-O 7. Nbd2 Nbd7 8. Rb1 e5 9. b4 Qe7 10. Qb3 Re8 11. b5 e4 12. bxc6 bxc6 13. Ba3 c5 14. dxe4 dxe4 15. Ng5 Qe5 16. Ngxe4 Nxe4 17. Nxe4 Rb8 18. Qd3 f5 19. Ng5 Rxb1 20. Rxb1 Nb6 21. e3 Bf6 22. Bb2 Qe7 23. Bxf6 Qxf6 24. Bd5+ Kg7 25. h4 Rd8 26. Rb5 h6 27. Nh3 Ba6 28. Rxc5 Qe5 29. Qa3 Nxd5 30. Qxa6 Qa1+ 31. Kh2 Nf6 32. Rc7+ Kg8 33. Qe6+ Kh8 34. Qe7 Rg8 35. Rxa7 g5 36. hxg5 hxg5 37. Ra6 Rg6 38. Qf7 Ng4+ 39. Kg2 Rxa6 40. Qxf5 Nxe3+ 41. fxe3 Rf6 42. Qc8+ Kg7 43. Qd7+ Kh6 44. Qd4 Qxa2+ 45. Kg1 Qb1+ 46. Kg2 Qf1+ 47. Kh2 Qe2+ 48. Kh1 Rf1+ 49. Ng1 Qf3+ 50. Kh2 Rf2+ 51. Kh3 Qh1+ 52. Kg4 Qh5# 0-1

[Event "Longueuil CC ch"]
[Site "Longueuil CAN"]
[Date "2007.02.03"]
[Round "5"]
[White "Pachah, Parwiz"]
[Black "Jette, Georges"]
[Result "1-0"]
[WhiteElo "2122"]
[BlackElo "1810"]
[PlyCount "73"]
[GameId "2160767910739450"]
[EventDate "2007.01.06"]
[EventType "swiss"]
[EventRounds "5"]
[EventCountry "CAN"]
[SourceTitle "EXT 2022"]
[Source "ChessBase"]
[SourceDate "2021.10.06"]
[SourceVersion "1"]
[SourceVersionDate "2021.10.06"]
[SourceQuality "1"]

1. e4 d6 2. d4 Nf6 3. Bd3 g6 4. Nf3 Bg7 5. h3 O-O 6. Be3 Nbd7 7. c3 Re8 8. Nbd2 c5 9. O-O cxd4 10. cxd4 a6 11. Qb3 Nf8 12. Rac1 b5 13. Rfd1 Bb7 14. a4 d5 15. e5 N6d7 16. Rc3 Rb8 17. axb5 axb5 18. Ra1 b4 19. Qxb4 Ba6 20. Qa3 Bxd3 21. Rxd3 Nb6 22. b4 Ne6 23. Rc1 f5 24. exf6 exf6 25. Rc6 Nc8 26. Nb3 Nd6 27. Nc5 Nxc5 28. dxc5 Nf5 29. Qb3 Ne7 30. Rd6 Qc8 31. b5 Kh8 32. c6 Nf5 33. R6xd5 Nxe3 34. Rxe3 Rd8 35. Re7 Bf8 36. Rxd8 Qxd8 37. c7 1-0

[Event "March op"]
[Site "Toronto CAN"]
[Date "2007.03.16"]
[Round "1"]
[White "Ferreira, Alex"]
[Black "Malmsten, Erik"]
[Result "0-1"]
[WhiteElo "2093"]
[BlackElo "1871"]
[PlyCount "46"]
[GameId "2160767910701551"]
[EventDate "2007.03.16"]
[EventType "swiss"]
[EventRounds "5"]
[EventCountry "CAN"]

1. e4 c6 2. Nc3 g6 3. d3 Bg7 4. Nge2 d6 5. g3 Bg4 6. Bg2 Bxe2 7. Qxe2 Nd7 8. Be3 Qa5 9. Bd2 Qc7 10. f4 h5 11. Bh3 Nh6 12. O-O-O O-O-O 13. Rhe1 e6 14. f5 Rde8 15. fxe6 fxe6 16. Rf1 Ne5 17. Bg2 b5 18. d4 Nc4 19. Bg5 Qa5 20. Qd3 Qb4 21. Rde1 Nxb2 22. Qd2 Nc4 23. Qd3 Qa3+ 0-1

[Event "March op"]
[Site "Toronto CAN"]
[Date "2007.03.16"]
[Round "1"]
[White "Peristy, Luke"]
[Black "Armstrong, Robert J"]
[Result "0-1"]
[WhiteElo "1344"]
[BlackElo "1793"]
[PlyCount "54"]
[GameId "2160767910701552"]
[EventDate "2007.03.16"]
[EventType "swiss"]
[EventRounds "5"]
[EventCountry "CAN"]

1. c4 g6 2. Nc3 Bg7 3. g3 d6 4. Bg2 Nf6 5. Nf3 O-O 6. O-O e5 7. d3 c6 8. Bd2 Bg4 9. b4 Qd7 10. Re1 Na6 11. Rb1 Rae8 12. Qa4 e4 13. dxe4 Nxe4 14. Nxe4 Rxe4 15. Be3 Bc3 16. Qc2 Rxc4 17. Red1 Bxf3 18. Bxf3 b5 19. Qd3 Bxb4 20. Rxb4 Nxb4 21. Qxd6 Qxd6 22. Rxd6 a5 23. Bb6 Rc8 24. Bxa5 Nxa2 25. Bd2 b4 26. Rd7 Rc2 27. Bf4 b3 0-1

[Event "March op"]
[Site "Toronto CAN"]
[Date "2007.03.17"]
[Round "2"]
[White "Armstrong, Robert J"]
[Black "Ferreira, Alex"]
[Result "0-1"]
[WhiteElo "1740"]
[BlackElo "2093"]
[PlyCount "58"]
[GameId "2160767910701553"]
[EventDate "2007.03.16"]
[EventType "swiss"]
[EventRounds "5"]
[EventCountry "CAN"]

1. d4 e5 2. dxe5 Nc6 3. Nf3 Qe7 4. e4 f6 5. Nc3 Nxe5 6. Nd5 Qd6 7. Bf4 c6 8. Nxe5 cxd5 9. Qh5+ g6 10. Nxg6 Qb4+ 11. Kd1 hxg6 12. Qxh8 Qxb2 13. Qxg8 Qxa1+ 14. Ke2 Qxa2 15. Bd6 Qa6+ 16. Kd1 Qxd6 17. Qxg6+ Kd8 18. exd5 Qxd5+ 19. Bd3 Qg5 20. Qe4 d5 21. Qd4 Bg4+ 22. f3 Bh6 23. Bc4 Qc1+ 24. Ke2 Qxc2+ 25. Ke1 Qc1+ 26. Ke2 Qxc4+ 27. Qxc4 Bxf3+ 28. Kxf3 dxc4 29. Rd1+ Ke7 0-1

[Event "March op"]
[Site "Toronto CAN"]
[Date "2007.03.17"]
[Round "3"]
[White "Ferreira, Alex"]
[Black "Florea, Alexandru"]
[Result "1/2-1/2"]
[WhiteElo "2093"]
[BlackElo "1739"]
[PlyCount "103"]
[GameId "2160767910701554"]
[EventDate "2007.03.16"]
[EventType "swiss"]
[EventRounds "5"]
[EventCountry "CAN"]

1. g4 e5 2. d4 exd4 3. Qxd4 Nc6 4. Qd3 Bc5 5. c3 d5 6. h3 Nge7 7. Bg2 Be6 8. Bg5 f6 9. Bf4 Qd7 10. Nd2 Ne5 11. Qc2 N7g6 12. Bg3 O-O 13. f4 Nxg4 14. hxg4 Bxg4 15. Qd3 c6 16. O-O-O Rae8 17. Bf3 Be3 18. Kc2 Bf5 19. Be4 dxe4 20. Qxe3 Ne7 21. Kc1 Nd5 22. Qd4 Qc7 23. e3 Rd8 24. Nb3 Qe7 25. Qc5 Qxc5 26. Nxc5 Nxe3 27. Rxd8 Rxd8 28. Ne2 b6 29. Nb3 c5 30. Rg1 Nc4 31. Bh4 Bg6 32. Bxf6 gxf6 33. f5 Kf7 34. fxg6+ hxg6 35. Rf1 Ne3 36. Re1 Nc4 37. Ng3 e3 38. Na1 f5 39. b3 Ne5 40. Rxe3 Rd3 41. Rxd3 Nxd3+ 42. Kd2 Ne5 43. Nc2 Ke6 44. Ne1 g5 45. Nd3 Ng4 46. b4 cxb4 47. cxb4 Nf6 48. a4 f4 49. Ne2 Ne4+ 50. Ke1 Kf5 51. Nf2 Nd6 52. a5 1/2-1/2

[Event "March op"]
[Site "Toronto CAN"]
[Date "2007.03.17"]
[Round "3"]
[White "Southam, David"]
[Black "Armstrong, Robert J"]
[Result "1-0"]
[WhiteElo "2201"]
[BlackElo "1740"]
[PlyCount "93"]
[GameId "2160767910701555"]
[EventDate "2007.03.16"]
[EventType "swiss"]
[EventRounds "5"]
[EventCountry "CAN"]

1. d4 g6 2. e4 Bg7 3. Nc3 d6 4. g3 Nf6 5. Bg2 O-O 6. Nge2 Nbd7 7. O-O c6 8. a4 e5 9. h3 Re8 10. Kh2 exd4 11. Nxd4 Nc5 12. Re1 a5 13. b3 Qc7 14. Bb2 Bd7 15. Qd2 Rad8 16. Re2 Re7 17. Rae1 Rde8 18. Ba3 b6 19. Kg1 Bc8 20. Nxc6 Qxc6 21. e5 Qd7 22. exf6 Rxe2 23. Rxe2 Rxe2 24. Qxe2 Bxf6 25. Nd5 Bd8 26. Bb2 Bb7 27. Qe3 Qe6 28. Qd4 f6 29. Nxf6+ Bxf6 30. Qxf6 Qxf6 31. Bxf6 Bxg2 32. Kxg2 Kf7 33. Bd4 Ke6 34. Kf3 Kd5 35. Ke3 Ke6 36. Bxc5 bxc5 37. c4 d5 38. cxd5+ Kxd5 39. Kd3 g5 40. f4 gxf4 41. gxf4 h6 42. h4 h5 43. Ke3 Ke6 44. Ke4 Kf6 45. f5 Ke7 46. Ke5 Kf7 47. f6 1-0

[Event "March op"]
[Site "Toronto CAN"]
[Date "2007.03.18"]
[Round "4"]
[White "Armstrong, Robert J"]
[Black "Lung, Patrick"]
[Result "0-1"]
[WhiteElo "1740"]
[BlackElo "1535"]
[PlyCount "53"]
[GameId "2160767910701556"]
[EventDate "2007.03.16"]
[EventType "swiss"]
[EventRounds "5"]
[EventCountry "CAN"]

1. d4 d5 2. c4 e6 3. Nf3 Nf6 4. e3 Be7 5. Bd3 O-O 6. O-O c6 7. Nc3 Nbd7 8. b3 b6 9. Bb2 Bb7 10. e4 Rc8 11. e5 Ne8 12. Rc1 f6 13. exf6 Ndxf6 14. Ng5 Nc7 15. Qc2 h6 16. Nh3 Re8 17. Bg6 Rf8 18. Ne2 c5 19. Rce1 dxc4 20. bxc4 cxd4 21. Nxd4 Qd6 22. Qe2 Nd7 23. Nf5 exf5 24. Qxe7 Qxe7 25. Rxe7 Nf6 26. Nf4 Rfe8 27. Rxe8+ 0-1

[Event "March op"]
[Site "Toronto CAN"]
[Date "2007.03.18"]
[Round "4"]
[White "Dowling, Bruce"]
[Black "Ferreira, Alex"]
[Result "0-1"]
[WhiteElo "1798"]
[BlackElo "2093"]
[PlyCount "76"]
[GameId "2160767910701557"]
[EventDate "2007.03.16"]
[EventType "swiss"]
[EventRounds "5"]
[EventCountry "CAN"]

1. Nf3 d5 2. g3 c5 3. Bg2 Nc6 4. O-O e5 5. d3 Be7 6. Nbd2 h5 7. h3 g5 8. Nh2 f5 9. e4 dxe4 10. dxe4 f4 11. c3 Nf6 12. Ndf3 Qxd1 13. Rxd1 Rg8 14. Ne1 Bd7 15. Nf1 O-O-O 16. Kh2 Rh8 17. f3 Rdg8 18. Kg1 c4 19. h4 gxh4 20. gxf4 h3 21. fxe5 Nxe5 22. Bf4 Ng6 23. Bd6 hxg2 24. Nxg2 h4 25. Kf2 Bd8 26. e5 Ne8 27. Nge3 Nxd6 28. exd6 Ne5 29. Nd2 b5 30. a4 a6 31. axb5 axb5 32. b3 Bb6 33. bxc4 Rf8 34. Rdb1 Ng4+ 35. Ke2 Nxe3 36. Ne4 Nxc4 37. Ra6 Kb7 38. Rba1 h3 0-1

[Event "March op"]
[Site "Toronto CAN"]
[Date "2007.03.18"]
[Round "5"]
[White "Pancer, Jeff"]
[Black "Armstrong, Robert J"]
[Result "0-1"]
[WhiteElo "1233"]
[BlackElo "1740"]
[PlyCount "46"]
[GameId "2160767910701558"]
[EventDate "2007.03.16"]
[EventType "swiss"]
[EventRounds "5"]
[EventCountry "CAN"]

1. e3 g6 2. d3 Bg7 3. a3 Nf6 4. h3 e5 5. g4 d5 6. b4 O-O 7. Bb2 Re8 8. Bg2 d4 9. e4 c5 10. bxc5 Qa5+ 11. Nd2 Na6 12. Ngf3 Nxc5 13. Nxd4 exd4 14. Bxd4 Nd5 15. Bxg7 Kxg7 16. Kf1 Nf4 17. Nc4 Qc7 18. g5 Nxg2 19. Kxg2 Nxe4 20. h4 b6 21. Nd2 Nc3 22. Qf3 Bb7 23. Ne4 Nxe4 0-1